BIBLIOTECA PODER JUDICIAL
Portal Judicial TDF

¡Ni una menos! La triple filiación como modo de reparación / (Registro nro. 6060)

000 -LEADER
fixed length control field 00932nab a22002177a 4500
003 - CONTROL NUMBER IDENTIFIER
control field OSt
005 - DATE AND TIME OF LATEST TRANSACTION
control field 20260121000130.0
008 - FIXED-LENGTH DATA ELEMENTS--GENERAL INFORMATION
fixed length control field 190514b xxu||||| |||| 00| 0 spa d
040 ## - CATALOGING SOURCE
Transcribing agency PJ
100 ## - MAIN ENTRY--PERSONAL NAME
9 (RLIN) 6841
Personal name Minetti, Matías
245 10 - TITLE STATEMENT
Title ¡Ni una menos! La triple filiación como modo de reparación /
Statement of responsibility, etc Matías Minetti.
300 ## - PHYSICAL DESCRIPTION
Extent p. 232-237
500 ## - GENERAL NOTE
General note Cita: TR LALEY AR/DOC/257/2024.
505 ## - FORMATTED CONTENTS NOTE
Formatted contents note Sumario: I. Los hechos del caso.— II. Considerando.— III. La decisión.— IV. Comentarios.
505 ## - FORMATTED CONTENTS NOTE
Title Fallo comentado: Juz. Familia. Nro10, Bariloche ~ 15/09/2023 ~ C., E. R. y N. P., M. G. s/ adopción plena.
650 #0 - SUBJECT ADDED ENTRY--TOPICAL TERM
9 (RLIN) 967
Topical term or geographic name as entry element DERECHO DE FAMILIA
650 #0 - SUBJECT ADDED ENTRY--TOPICAL TERM
9 (RLIN) 1004
Topical term or geographic name as entry element FILIACION
650 #0 - SUBJECT ADDED ENTRY--TOPICAL TERM
9 (RLIN) 1057
Topical term or geographic name as entry element JURISPRUDENCIA APLICABLE
773 0# - HOST ITEM ENTRY
Host Biblionumber 2844
Host Itemnumber 3222
Place, publisher, and date of publication Buenos Aires : AbeledoPerrot, 1989-
Title Derecho de familia. Revista Interdisciplinaria de doctrina y jurisprudencia. Abril 2024-II.
International Standard Book Number 18511201
942 ## - ADDED ENTRY ELEMENTS (KOHA)
Source of classification or shelving scheme
Koha item type Analítica Artículo de Revista

No hay ítems disponibles.

12 de Octubre 789 Ushuaia - Tel:  54(02901)441571
Horario de Atención: 8.00 a 17.00 hs. 
bibliotecaush@justierradelfuego.gov.ar
koha@justierradelfuego.gov.ar
Seguinos en nuestras redes @bibliojustdf 

Con tecnología Koha